A survey of Mathematics: elementary concepts and their historical development
Αποθηκεύτηκε σε:
| Κύριος συγγραφέας: | |
|---|---|
| Μορφή: | Βιβλίο |
| Γλώσσα: | Αγγλικά |
| Έκδοση: |
Nueva York
Holt, Rinehart and Winston
1968
|
| Έκδοση: | 1a. ed |
| Θέματα: | |
| Ετικέτες: |
Προσθήκη ετικέτας
Δεν υπάρχουν, Καταχωρήστε ετικέτα πρώτοι!
|
MARC
| LEADER | 00000cam a2200000 a 4500 | ||
|---|---|---|---|
| 001 | UCE9919 | ||
| 003 | CL-VaPUC | ||
| 008 | 151112e19680000us |||||||||||||||||eng|d | ||
| 082 | 0 | 4 | |a 510.9 |b GRO |2 21 |
| 100 | 0 | |a Groza, Vivian Shaw |e author |9 582902 | |
| 245 | 1 | 2 | |a A survey of Mathematics: elementary concepts and their historical development |
| 250 | |a 1a. ed | ||
| 300 | |a 327 p | ||
| 942 | |c BK | ||
| 945 | |d 20151112 20:22:00 |a dcastane | ||
| 260 | |a Nueva York |b Holt, Rinehart and Winston |c 1968 | ||
| 650 | 0 | |a Historia de las matemáticas |9 265664 | |
| 583 | |a last modification |c 20151112 20:22:00 |k Rodrigo Vera | ||
| 999 | |c 361561 |d 361559 | ||
| 952 | |0 0 |1 0 |3 erd |4 0 |6 510_900000000000000_GRO_1968 |7 0 |8 A |9 472151 |a BIBMAT |b BIBMAT |i 524790K |o 510.9 GRO 1968 |p 524790K |r 2025-01-07 |w 2019-11-24 |y BK |z Catalogado en:20151112 |k MAT | ||